000
00234nam a2200097Ia 4500
008
240331s9999 xx 000 0 und d
082
_b
TAM
100
_a
Tambiah, H.W
245
4
_a
The Laws and customs of the Tamils of Jaffna
942
_c
L
999
_c
2775
_d
2775